Statistics for My Hero Academia character by quirk quiz Part 1

Click here to take the quiz!

General Stats

  • This quiz has been taken 20 times
  • The average score is 19 of 24

Answer Stats

HintAnswer% Correct
Quirk- Half Hot half coldTodoroki
100%
Quirk- ExplosionBakugo
94%
Quirk- One for allDeku
94%
Quirk-HardeningKirishima
94%
Quirk- Zero-GravityUraraka
94%
Quirk- EngineIida
88%
Quirk-FrogTsuyu
88%
Quirk- Blue flame/ cremationDabi
82%
Quirk- ElectricityDenki
82%
Quirk- AcidMina
82%
Quirk- CreationMomo
82%
Quirk- DecayShigaraki
82%
Quirk- HellflameEndeavor
76%
Quirk-Earphone JackJiro
76%
Quirk- TapeSero
76%
Quirk-Mind-controlShinso
76%
Quirk- Dark ShadowTokoyami
76%
Quirk-DoubleTwice
76%
Quirk-Stomach LaserAoyama
71%
Quirk- Fierce WingsHawks
71%
Quirk- CopyMonoma
71%
Quirk-TailOjiro
71%
Quirk-Multi-armsShoji
65%
Quirk- InvisibilityHagakure
59%

Score Distribution

Percentile by Number Answered

Percent of People with Each Score

Your Score History

You have not taken this quiz